El Proletariado: fuerza motriz del progreso social /
Bewaard in:
| Hoofdauteur: | |
|---|---|
| Andere auteurs: | |
| Formaat: | Texto |
| Tags: |
Voeg label toe
Geen labels, Wees de eerste die dit record labelt!
|
MARC
| LEADER | 00000 a a2200000 04500 | ||
|---|---|---|---|
| 001 | 648 | ||
| 003 | |||
| 040 | |||
| 100 | |a Koval, Boris | ||
| 245 | |a El Proletariado: |b fuerza motriz del progreso social / |c Boris Koval ; Yuri Koroliov | ||
| 700 | |a Koroliov, Yuri | ||
| 773 | |g número 4; páginas 4-25 | ||
| 999 | |c 38834 |d 38834 | ||
